000
00255nam a22001217a 4500
008
170206b xxu||||| |||| 00| 0 eng d
041
_a
eng
080
_a
61
100
_a
3
101
_a
SHM
245
_a
UNSMLE MEDICAL
_c
MICHAELA MANLEY
942
_2
udc
_c
BK
999
_c
4758
_d
4758